000 00669cam a22002053a 4500
001 40655
003 PGUSA
005 20140828083916.0
008 120903s2012||||xxu|||||s|||||000 | eng d
040 _aPGUSA
_beng
042 _adc
100 1 _aMalham-Dembleby, John
245 1 4 _aThe Key to the Brontë Works :
_bThe Key to Charlotte Brontë's 'Wuthering Heights,' 'Jane Eyre,' and her other works.
_h[electronic resource] /
_cJohn Malham-Dembleby
260 _bProject Gutenberg,
_c2012
506 _aPublic domain in the USA.
516 _aElectronic text
830 0 _aProject Gutenberg
_v40655
856 4 0 _uhttp://www.gutenberg.org/ebooks/40655
942 _cEB
999 _c269908
_d269908